Australian Kids Shows - Statistics

General Stats
  • This quiz has been taken 30 times
  • The average score is 8 of 22
Answer Stats
Picture Answer % Correct
Bluey
96%
The Wiggles
84%
Play School
64%
Little Lunch
60%
Bananas in Pyjamas
56%
Hi-5
52%
Giggle and Hoot
48%
Blinky Bill
40%
Skippy
32%
dirtgirlworld
28%
Hoopla Doopla
28%
Mr. Squiggle
24%
Round the Twist
24%
Agro
20%
The Fairies
20%
The Koala Brothers
20%
BTN
16%
Five Minutes More
16%
Johnson and Friends
12%
Kangaroo Beach
8%
Little J and Big Cuz
8%
Lift-Off
4%
No matching quizzes found
Score Distribution
Percent of People with Each Score
Percentile by Number Answered
Your Score History
You have not taken this quiz